| 000 | 02766cam a2200397 a 4500 | ||
|---|---|---|---|
| 001 | 14784175 | ||
| 005 | 20211207142152.0 | ||
| 008 | 070326s2008 nju b 001 0 eng | ||
| 010 | _a 2007012801 | ||
| 015 |
_aGBA768810 _2bnb |
||
| 016 | 7 |
_a013829037 _2Uk |
|
| 020 | _a9780691131405 (hardcover : alk. paper) | ||
| 020 | _a0691131406 (hardcover : alk. paper) | ||
| 020 | _a9780691134819 (pbk. : alk. paper) | ||
| 020 | _a0691134812 (pbk. : alk. paper) | ||
| 035 | _a(OCoLC)ocn122309350 | ||
| 040 |
_aDLC _cDLC _dYDX _dBAKER _dBTCTA _dUKM _dYDXCP _dIXA _dNLGGC _dIOE _dDLC |
||
| 050 | 0 | 0 |
_aBR115.P7 _bC37955 2008 |
| 082 | 0 | 0 |
_a172.42 _222 _bCHR |
| 245 | 0 | 0 |
_aChristian political ethics / _cedited by John A. Coleman. |
| 260 |
_aPrinceton, N.J. : _bPrinceton University Press, _cc2008. |
||
| 300 |
_axvii, 289 p. ; _c24 cm. |
||
| 440 | 4 |
_aThe Ethikon series in comparative ethics _985927 |
|
| 504 | _aIncludes bibliographical references and index. | ||
| 505 | 0 | _aPreface / John Coleman -- Christianity and civil society / Michael Banner -- A limited state and a vibrant society : Christianity and civil society / John Coleman -- Christianity, civil society, and the state : a Protestant response / Max L. Stackhouse -- Christian attitudes toward boundaries : metaphysical and geographical / Richard B. Miller -- The value of limited loyalty : Christianity, the nation, and territorial boundaries / Nigel Biggar -- Conscientious individualism : a Christian perspective on ethical pluralism / David Little -- Pluralism as a matter of principle / James W. Skillen -- Christianity and the prospects for a new global order / Max L. Stackhouse -- Globalization and Catholic social thought : mutual challenges / John Coleman -- The ethics of war and peace in the Catholic natural law tradition / John Finnis -- Just war thinking in Catholic natural law / Joseph Boyle -- Christian nonviolence : an interpretation / Theodore J. Koontz -- Conflicting interpretations of Christian pacifism / Michael G. Cartwright. | |
| 650 | 0 |
_aChristianity and politics. _985928 |
|
| 650 | 0 |
_aChristian ethics. _985929 |
|
| 650 | 0 |
_aPolitical ethics. _985930 |
|
| 700 | 1 |
_aColeman, John Aloysius, _d1937- _985931 |
|
| 776 | 0 | 8 |
_iOnline version: _tChristian political ethics. _dPrinceton, N.J. : Princeton University Press, c2008 _w(OCoLC)607771760 |
| 776 | 0 | 8 |
_iOnline version: _tChristian political ethics. _dPrinceton, N.J. : Princeton University Press, c2008 _w(OCoLC)608443001 |
| 856 | 4 | 1 |
_3Table of contents only _uhttp://www.loc.gov/catdir/toc/ecip0714/2007012801.html |
| 906 |
_a7 _bcbc _corignew _d1 _eecip _f20 _gy-gencatlg |
||
| 942 |
_2ddc _cBK |
||
| 999 |
_c587175 _d587175 |
||